000 00794nab a2200241 u 4500
001 18984
003 HDC
007 cr bn ---aaaaa
008 210228c |r|noo 0 a d
040 _aHDC
245 0 _aBREXIT WILL POSITIVELY IMPACT PAKISTAN'S HORT EXPORTS
260 _a[No place] :
_b[publisher not identified],
_c2016
336 _atext
_2rdacontent
337 _acomputer
_2rdamedia
338 _aonline resource
_2rdacarrier
650 _aHalal meat
_91025
650 _aHorticultural exports
_917630
710 _aGLOBAL FOODMATE
856 _zRequest full-text at [email protected]
942 _2lcc
942 _cNEWS
942 _kNWSO 009668
999 _c16300
_d16300